Materiales documentales del Segundo Congreso Internacional de Escritores para la Defensa de la Cultura (Record no. 178847)

MARC details
000 -LEADER
campo de control de longitud fija 01377nam a2200301 i 4500
001 - NÚMERO DE CONTROL
campo de control 178847
003 - IDENTIFICADOR DE NÚMERO DE CONTROL
campo de control ES-MaACL
005 - FECHA Y HORA DE LA ÚLTIMA TRANSACCIÓN
campo de control 20250801143435.0
008 - DATOS DE LONGITUD FIJA--INFORMACIÓN GENERAL
campo de control de longitud fija 110718s2009 sp acfo |||| |dspa d
020 ## - NÚMERO INTERNACIONAL ESTÁNDAR DEL LIBRO
Número Internacional Estándar del Libro 978-84-8485-300-8
080 ## - NÚMERO DE LA CLASIFICACIÓN DECIMAL UNIVERSAL
Número de la Clasificación Decimal Universal 061.3(460.313 V.)"1937"(094)
080 ## - NÚMERO DE LA CLASIFICACIÓN DECIMAL UNIVERSAL
Número de la Clasificación Decimal Universal 82:32
100 1# - ENTRADA PRINCIPAL--NOMBRE DE PERSONA
Nombre de persona Aznar Soler, Manuel.
9 (RLIN) 24318
245 10 - MENCIÓN DEL TÍTULO
Título Materiales documentales del Segundo Congreso Internacional de Escritores para la Defensa de la Cultura
Resto del título : (Valencia-Madrid-Barcelona-París, 1937) /
Mención de responsabilidad, etc. Manuel Aznar Soler.
246 30 - FORMA VARIANTE DEL TITULO
Título propio/Titulo breve Congreso Internacional de Escritores para la Defensa de la Cultura, 1937
260 ## - PUBLICACIÓN, DISTRIBUCIÓN, ETC.
Lugar de publicación, distribución, etc. Sada, A Coruña :
Nombre del editor, distribuidor, etc. Ediciós do Castro,
Fecha de publicación, distribución, etc. [2009]
300 ## - DESCRIPCIÓN FÍSICA
Extensión 606 p., [40] p. de lám. fot. ;
Dimensiones 24 cm.
490 1# - MENCIÓN DE SERIE
Mención de serie Publicaciones varias
505 8# - NOTA DE CONTENIDO CON FORMATO
Nota de contenido con formato Contiene: Ponencias del Congreso de 1937 - Testimonios - Textos marginales - El Congreso de 1937, cincuenta años después
611 27 - PUNTO DE ACCESO ADICIONAL DE MATERIA--NOMBRE DE REUNIÓN/CONGRESO
Nombre de congreso/reunión o jurisdicción como elemento de entrada Congreso Internacional de Escritores para la Defensa de la Cultura (
Número del congreso/reunión o número de parte o sección 2º.
Fecha del congreso o de la firma del tratado 1937.
Sede del congreso/Lugar de la reunión Valencia, etc.)
9 (RLIN) 168600
650 #7 - PUNTO DE ACCESO ADICIONAL DE MATERIA--TÉRMINO DE MATERIA
Término de materia o nombre geográfico como elemento de entrada Literatura y política
Fuente del encabezamiento o término embne
9 (RLIN) 14675
700 1# - ENTRADA AGREGADA--NOMBRE PERSONAL
Nombre de persona Gaya, Ramón,
Fechas asociadas al nombre 1910-2005
9 (RLIN) 56125
830 0# - PUNTO DE ACCESO ADICIONAL DE SERIE-TÍTULO UNIFORME
Título uniforme Publicaciones varias
9 (RLIN) 224353
852 ## - LOCALIZACIÓN
Ubicación ES-MaACL
itemnumber 185712
Sublocalización o colección R.145804
Número de control de estantería A-11358
Signatura antigua Olim: N-4362
Ubicación en estantería Depósito 1
Encuadernación Donación: José Esteban
903 ## - NOMBRE PERSONAL DE DONANTE
9 234040
a Esteban, José
e Donante
942 ## - ELEMENTOS DE ENTRADA SECUNDARIOS (KOHA)
Fuente del sistema de clasificación o colocación Clasificación decimal universal
Holdings
Estatus retirado Estado de pérdida Fuente del sistema de clasificación o colocación Estado de daño No para préstamo Biblioteca de origen Biblioteca actual Ubicación en estantería Fecha de adquisición Fuente de adquisición Total de préstamos Signatura topográfica completa Código de barras Visto por última vez Precio de reemplazo Tipo de ítem Koha
    Clasificación decimal universal     Biblioteca del Ateneo de Madrid Biblioteca del Ateneo de Madrid Depósito 1 18/07/2011 Donación   A-11358 1187867 23/02/2023 23/02/2023 Libro impreso